<?xml version="1.0" encoding="UTF-8"?>
<collection xmlns:xsi="http://www.w3.org/2001/XMLSchema-instance" xsi:schemaLocation="http://www.loc.gov/MARC21/slim http://www.loc.gov/standards/marcxml/schema/MARC21slim.xsd" xmlns="http://www.loc.gov/MARC21/slim">
 <record>
  <leader>00000cam a22000004a 4500</leader>
  <controlfield tag="001">UP-1685675941123820752</controlfield>
  <controlfield tag="003">Buklod</controlfield>
  <controlfield tag="005">20081126165610.0</controlfield>
  <controlfield tag="006">aa    rb   |||1 u|</controlfield>
  <controlfield tag="007">ta</controlfield>
  <controlfield tag="008">050505s2005    nyu     r    |||0 u|eng d</controlfield>
  <datafield tag="020" ind1=" " ind2=" ">
   <subfield code="a">9812532439 (pbk)</subfield>
  </datafield>
  <datafield tag="035" ind1=" " ind2=" ">
   <subfield code="a">(iLib)UPTAC-00002315532</subfield>
  </datafield>
  <datafield tag="037" ind1=" " ind2=" ">
   <subfield code="b">C &amp; E Publishing, Inc.</subfield>
   <subfield code="c">PhP598.00</subfield>
  </datafield>
  <datafield tag="040" ind1=" " ind2=" ">
   <subfield code="a">DLC</subfield>
   <subfield code="d">UPVTC</subfield>
  </datafield>
  <datafield tag="041" ind1="0" ind2=" ">
   <subfield code="a">eng</subfield>
  </datafield>
  <datafield tag="090" ind1=" " ind2="0">
   <subfield code="a">T 58.5</subfield>
   <subfield code="b">T87 2005</subfield>
  </datafield>
  <datafield tag="100" ind1="1" ind2=" ">
   <subfield code="a">Turban, Efraim</subfield>
  </datafield>
  <datafield tag="245" ind1="1" ind2="0">
   <subfield code="a">Introduction to information technology</subfield>
   <subfield code="c">Efraim Turban, R. Kelly Rainer, Jr., Richard E. Potter.</subfield>
  </datafield>
  <datafield tag="250" ind1=" " ind2=" ">
   <subfield code="a">3rd ed.</subfield>
  </datafield>
  <datafield tag="264" ind1=" " ind2="1">
   <subfield code="a">New York</subfield>
   <subfield code="b">John Wiley &amp; Sons</subfield>
   <subfield code="c">c2005.</subfield>
  </datafield>
  <datafield tag="300" ind1=" " ind2=" ">
   <subfield code="a">1 v. (various pagings)</subfield>
   <subfield code="b">ill.</subfield>
   <subfield code="c">23 cm.</subfield>
  </datafield>
  <datafield tag="500" ind1=" " ind2=" ">
   <subfield code="a">Reprinted in the Philippines by : Pan Asia Book Exchange for C &amp; E Publishing, Inc.</subfield>
  </datafield>
  <datafield tag="504" ind1=" " ind2=" ">
   <subfield code="a">Includes bibliographical references and index.</subfield>
  </datafield>
  <datafield tag="505" ind1="0" ind2=" ">
   <subfield code="a">Table of Contents: Part I. The Organization in The Digital Economy: 1. The IT-Based Organization in the Digital Economy -- 2. Information Technologies: Concepts and Management -- Part II. Applying IT for Competitive Advantage: 3. Data and Knowledge Management -- 4. Network Computing -- 5. E-Business and E-Commerce -- 6. Mobile, Wireless, and Pervasive Computing -- Part III. Applying IT for Competitive Advantage: 7. Transaction Processing, Functional Applications, and Integration -- 8. Enterprise Systems: From Supply Chains to ERP to CRM -- 9. Interorganizational and Global Information Systems -- 10. Managerial Support Systems -- Part IV. Acquiring and Implementing Systems: 11. Acquiring IT Applications and Infrastructure -- 12. IT Ethics, Impacts, and Security -- Technology Guides: Technology Guide 1. Computer Hardware -- Technology Guide 2. Computer Software -- Technology Guide 3. Managing Organizational Data and Information -- Technology Guide 4. Network and Telecommunications Basics -- Technology Guide 5. Internet Basics -- Technology Guide 6. A Technical View of Systems Analysis and Design -- References. Index. Photo Credits.</subfield>
  </datafield>
  <datafield tag="650" ind1=" " ind2="0">
   <subfield code="a">Information technology.</subfield>
  </datafield>
  <datafield tag="650" ind1=" " ind2="0">
   <subfield code="a">Management information systems.</subfield>
  </datafield>
  <datafield tag="700" ind1="1" ind2=" ">
   <subfield code="a">Rainer, R. Kelly</subfield>
   <subfield code="q">(Rex Kelly).</subfield>
  </datafield>
  <datafield tag="700" ind1="1" ind2=" ">
   <subfield code="a">Potter, Richard E.</subfield>
  </datafield>
  <datafield tag="856" ind1="4" ind2="1">
   <subfield code="3">Table of contents only</subfield>
   <subfield code="u">https://drive.google.com/file/d/10CecBXrfx7xLwcxLMttLntOFOwZvJg0Q/view?usp=sharing</subfield>
  </datafield>
  <datafield tag="905" ind1=" " ind2=" ">
   <subfield code="a">FO</subfield>
  </datafield>
  <datafield tag="852" ind1="0" ind2=" ">
   <subfield code="a">UPTAC</subfield>
   <subfield code="b">UPTAC</subfield>
   <subfield code="h">T 58.5 T87 2005</subfield>
  </datafield>
  <datafield tag="942" ind1=" " ind2=" ">
   <subfield code="a">Book</subfield>
  </datafield>
 </record>
</collection>
